000 00228nam a2200097Ia 4500
001 657158
005 20250826154610.0
008 250824s9999 xx 000 0 und d
245 0 _aBUZ BEBEKLER
_cMİYASE SERTBARUT
260 _bTUDEM
999 _c657158
_d657158